00519nab a2200145uuc4500001000800000005001700008008004100025035001200066040001300078041000800091100003400099245011600133260001000249773011400259134441720240202113427.0130925s2011 spa  a1344417 ccomduadb aspa10aGherovici, Patricia4auteaut11a¿Soy heterosexual o bisexual? Una genealogía de la pregunta desde la histeria al transgenerismo en los EE.UU c2011.0 tPsicoanálisis y el Hospital (Buenos Aires)gVol. 20, No. 39, Jun. 2011, 114-120w1062738x0328-09690451095